Seguridad Social y asistencia social (Registro nro. 45406)
[ vista simple ]
| 000 -CABECERA | |
|---|---|
| Longitud fija campo de control | 00763naa a2200217 4500 |
| 001 - NÚMERO DE CONTROL | |
| Número de control | 45406 |
| 003 - IDENTIFICADOR DE NÚMERO DE CONTROL | |
| Identificador del número de control | ES-MaCES |
| 005 - FECHA Y HORA DE LA ÚLTIMA TRANSACCIÓN | |
| Fecha y hora de la última transacción | 20141114124335.0 |
| 008 - CAMPO FIJO DE DESCRIPCIÓN FIJA--INFORMACIÓN GENERAL | |
| Códigos de información de longitud fija | 000000s2014 sp ||||| t||||||| ||spa d |
| 040 ## - FUENTE DE CATALOGACIÓN | |
| Centro catalogador de origen | ES-MaCES |
| Lengua de catalogación | spa |
| Centro transcriptor | ES-MaCES |
| 100 1# - ENCABEZAMIENTO PRINCIPAL--NOMBRE PERSONAL | |
| 9 (RLIN) | 25895 |
| Nombre de persona | Villa Gil, Luis Enrique de la |
| 245 10 - MENCIÓN DE TÍTULO | |
| Título | Seguridad Social y asistencia social |
| Mención de responsabilidad, etc. | Luis Enrique de la Villa Gil |
| 504 ## - NOTA DE BIBLIOGRAFÍA, ETC. | |
| Nota de bibliografía, etc. | Bibliografía: p. 152-153 |
| 650 #4 - ASIENTO SECUNDARIO DE MATERIA--TÉRMINO DE MATERIA | |
| 9 (RLIN) | 27034 |
| Término de materia o nombre geográfico como elemento inicial | seguridad social |
| 650 #4 - ASIENTO SECUNDARIO DE MATERIA--TÉRMINO DE MATERIA | |
| 9 (RLIN) | 29003 |
| Término de materia o nombre geográfico como elemento inicial | asistencia social |
| 650 #4 - ASIENTO SECUNDARIO DE MATERIA--TÉRMINO DE MATERIA | |
| 9 (RLIN) | 30768 |
| Término de materia o nombre geográfico como elemento inicial | Comunidades Autónomas |
| 653 10 - TÉRMINO DE INDEXACIÓN--NO CONTROLADO | |
| Término no controlado | Seguridad Social |
| 773 0# - ENTRADA DE DOCUMENTO FUENTE | |
| Itemnumber del ítem fuente | 82237 |
| Edición | 1ª ed |
| Lugar, editor y fecha de publicación | Madrid Cinca 2014 |
| Otro identificador del documento | 085141 |
| Título | Protección social |
| Número de control del registro relacionado | (ES-MaCES)45312 |
| Número Internacional Normalizado para Libros (ISBN) | 9788415305705 |
| Parte(s) relacionada(s) | p. 133-153. - SG-3.3.-106 |
| 902 ## - CES. TIPO DE DOCUMENTO | |
| Tipodoc (006$c Sirtex) | ARL Artículo de libro |
| 942 ## - ELEMENTOS KOHA | |
| Fuente de clasificaión o esquema | Clasificación propia del CES |
| Koha [por defecto] tipo de item | Artículos (1982-2017) |
| Parte de clasificación | Seguridad social |
No hay ítems disponibles.
